Name the smileys Quiz Stats

Quiz not verified by Sporcle

Challenge
Share
Tweet
Embed
Score 0/24 Timer 06:00
0 Plays Today
code smiley name % Correct
:)smile
89.5%
:(sad
52.6%
O:)angel
42.1%
:Oshocked
36.8%
;)wink smile
31.6%
:-*kiss
31.6%
8)glasses
31.6%
:'(crying
31.6%
:/disappointed
31.6%
o.Oconfused
31.6%
>:(angry
26.3%
:Dbig smile
21.1%
code smiley name % Correct
:Ptounge
21.1%
B|sunglasses
21.1%
:42:42
21.1%
:3muostache
15.8%
^_^closed eyes
15.8%
-_-smug
15.8%
:vpacman
15.8%
3:)devil
15.8%
:|]robot
15.8%
penguin
15.8%
heart
15.8%
>:0laghing
10.5%

You're not logged in!

Compare scores with friends on all Sporcle quizzes.
Join for Free
OR
Log In

You Might Also Like...

Show Comments

Extras

Created Mar 10, 2012ReportNominate
Tags:facebook, sad, smile, smiley, twitter

Top Quizzes Today


Score Distribution

Your Account Isn't Verified!

In order to create a playlist on Sporcle, you need to verify the email address you used during registration. Go to your Sporcle Settings to finish the process.

Report this User

Report this user for behavior that violates our Community Guidelines.

Details: